| 000 | 00360pam a2200157a 44500 | ||
|---|---|---|---|
| 008 | 230515b1919 xxu||||| |||| 00| 0 eng d | ||
| 020 | _aNULL | ||
| 041 | _aHINDI | ||
| 082 | _a1 | ||
| 100 | _aSARASWATINADAN | ||
| 245 | _aVARNJAL-CHIKITS SHIKASHAK | ||
| 250 | _a2 | ||
| 260 |
_aSANGALI _bN.D. _c1919 |
||
| 300 | _a100 | ||
| 650 | _aVARNJAL-CHIKITS SHIKASHAK | ||
| 999 |
_c496958 _d496958 |
||